The Iroquois and the New Deal /

Bibliographic Details
Main Author: Hauptman, Laurence M.
Format: Book
Language:English
Published: Syracuse, N.Y. : Syracuse University Press, 1981.
Edition:1st ed.
Series:Iroquois and their neighbors.
Subjects:

MARC

Tag First Indicator Second Indicator Subfields
LEADER 00000pam a2200000 a 4500
001 in00000078923
005 20151008055145.0
008 811105s1981 nyuaf b 00110 eng
010 |a  81021198  
020 |a 0815622473 
035 |a (OCoLC)07978087 
035 |9 AAJ2703AM 
039 0 |a 2  |b 3  |c 3  |d 3  |e 3 
040 |a DLC  |c DLC  |d TXA  |d UtOrBLW 
043 |a n-us--- 
049 |a TXAM  |c [1361790] 
050 0 0 |a E99.I7  |b H33 
082 0 |a 323.1/197  |2 19 
100 1 |a Hauptman, Laurence M. 
245 1 4 |a The Iroquois and the New Deal /  |c Laurence M. Hauptman. 
250 |a 1st ed. 
264 1 |a Syracuse, N.Y. :  |b Syracuse University Press,  |c 1981. 
300 |a xvi, 256 pages, 1 unnumbered leaf of plates :  |b illustrations ;  |c 24 cm. 
336 |a text  |b txt  |2 rdacontent 
337 |a unmediated  |b n  |2 rdamedia 
338 |a volume  |b nc  |2 rdacarrier 
490 1 |a An Iroquois book 
500 |a Includes index. 
504 |a Bibliography: pages [229]-248. 
650 0 |a Iroquois Indians  |x Government relations. 
650 0 |a Indians of North America  |x Government relations  |y 1934- 
830 0 |a Iroquois and their neighbors. 
999 |a MARS 
999 f f |s 459f7235-2424-30e9-a2da-c2942f14e321  |i 2f39a115-d281-3036-a01c-0a6e562cefa9  |t 0 
952 f f |p normal  |a Texas A&M University  |b College Station  |c Sterling C. Evans Library  |d Evans: Library Stacks  |t 0  |e E99.I7 H33  |h Library of Congress classification  |i unmediated -- volume  |m A14806104605 
998 f f |a E99.I7 H33  |t 0  |l Evans: Library Stacks